000 00495nam a22001937a 4500
003 MPLRDC
005 20220104143036.0
008 210129b ||||| |||| 00| 0 eng d
020 _a978-983-2812-68-5
082 _a868.71 ZJZ-2
100 _a张锦忠
245 _a马来西亚华语语系文学
_c
250 _a初版
260 _a马来西亚
_b有人出版社
_c2011
300 _b187
490 _a有识系列 THE KNOW: 03
650 _a马华文学
942 _cBK
_o868.71 ZJZ-2
999 _c36065
_d36055